| 000 -LEADER |
| fixed length control field |
00385 a2200145 4500 |
| 003 - CONTROL NUMBER IDENTIFIER |
| control field |
OSt |
| 005 - DATE AND TIME OF LATEST TRANSACTION |
| control field |
20231229164023.0 |
| 008 - FIXED-LENGTH DATA ELEMENTS--GENERAL INFORMATION |
| fixed length control field |
231229b ||||| |||| 00| 0 eng d |
| 020 ## - INTERNATIONAL STANDARD BOOK NUMBER |
| International Standard Book Number |
9783037786659 |
| 082 ## - DEWEY DECIMAL CLASSIFICATION NUMBER |
| Classification number |
720.943 |
| 100 ## - MAIN ENTRY--PERSONAL NAME |
| Personal name |
László Moholy-Nagy;Walter Gropius |
| 245 ## - TITLE STATEMENT |
| Title |
Bauhaus buildings dessau: bauhausbücher 12 |
| 260 ## - PUBLICATION, DISTRIBUTION, ETC. (IMPRINT) |
| Name of publisher, distributor, etc |
Lars Müller Publishers |
| Date of publication, distribution, etc |
2021 |
| 942 ## - ADDED ENTRY ELEMENTS (KOHA) |
| Source of classification or shelving scheme |
|